Carregando...
Contemporary psychology: readings from Scientific American /
| Autor Corporativo: | |
|---|---|
| Formato: | Printed Book |
| Idioma: | English |
| Publicado em: |
W H Freeman & Co.,
1971.
|
| Assuntos: |
| LEADER | 00484nam a2200133Ia 4500 | ||
|---|---|---|---|
| 008 | 150624b xxu||||| |||| 00| 0 eng d | ||
| 082 | |a 150 | ||
| 110 | |a Scientific American | ||
| 245 | |a Contemporary psychology: |b readings from Scientific American / |c Scientific American | ||
| 260 | |b W H Freeman & Co., |c 1971. | ||
| 650 | |x Psychology. | ||
| 942 | |c BK | ||
| 999 | |c 8011 |d 8011 | ||
| 952 | |0 0 |1 0 |4 0 |6 150_000000000000000_CON_C |7 0 |9 8010 |a UL |b UL |c ST2 |d 1998-08-28 |l 0 |o 150 CON/C |p 12749 |r 2012-10-27 |w 2012-10-27 |y BK | ||